[Event "Kavala GRE, 20th Open"]
[Site "Kavala GRE"]
[Date "2011.08.02"]
[Round "5"]
[White "Markidis, K."]
[Black "Skoulakis, C."]
[Result "1/2-1/2"]
[WhiteElo "2330"]
[BlackElo "2039"]
[PlyCount "92"]
[EventDate "2011.07.30"]
[EventRounds "9"]
[EventCountry "GRE"]

1. e4 c5 2. Nf3 e6 3. d4 cxd4 4. Nxd4 Nc6 5. Nb5 d6 6. c4 a6 7. N5c3 Nf6 8. Na3
Be7 9. Be2 Qc7 10. O-O b6 11. Be3 Bb7 12. Rc1 Ne5 13. f3 O-O 14. Qd2 Rac8 15.
Rfd1 Ned7 16. Bf1 Qb8 17. Kh1 Bd8 18. Bg1 Bc7 19. Nc2 Rfd8 20. Ne3 Ne5 21. h3
Nh5 22. Bh2 Ng6 23. Ng4 h6 24. a4 Kh7 25. Bd3 e5 26. Nd5 Bxd5 27. cxd5 b5 28.
axb5 axb5 29. Qb4 Bb6 30. Qxb5 Nhf4 31. Rc6 Bd4 32. b3 Qa7 33. Bg1 Qa2 34. Bf1
Bxg1 35. Kxg1 Rb8 36. Qa4 Qxb3 37. Qxb3 Rxb3 38. g3 Nh5 39. Kg2 Ne7 40. Rc7 Re8
41. Rd2 f5 42. exf5 Nxf5 43. Bd3 Rf8 44. Bc2 Re3 45. Bxf5+ Rxf5 46. Rf2 Rd3
1/2-1/2

[Event "Kavala GRE, 20th Open"]
[Site "Kavala GRE"]
[Date "2011.08.02"]
[Round "5"]
[White "Nikolov, Momchil"]
[Black "Socko, M."]
[Result "1-0"]
[WhiteElo "2589"]
[BlackElo "2490"]
[PlyCount "89"]
[EventDate "2011.07.30"]
[EventRounds "9"]
[EventCountry "GRE"]

1. d4 Nf6 2. c4 g6 3. Nc3 Bg7 4. e4 d6 5. f3 a6 6. Be3 c6 7. Qd2 b5 8. Rc1 O-O
9. b3 Nbd7 10. Nh3 e5 11. d5 b4 12. Na4 c5 13. Nf2 Nh5 14. Nd3 f5 15. Be2 Ndf6
16. exf5 gxf5 17. Naxc5 e4 18. Nxb4 dxc5 19. Bxc5 Re8 20. O-O Bd7 21. Bd4 a5
22. Nc2 f4 23. Qc3 e3 24. Rfd1 Rc8 25. Qe1 Bf8 26. Bc3 Qe7 27. Qh4 Qg7 28. Kh1
Bd6 29. Bxa5 Re5 30. Bc3 Rg5 31. Ne1 Rf8 32. Kg1 Qg6 33. Bd3 Bf5 34. Bxf5 Rxf5
35. Rc2 e2 36. Rxe2 Bc5+ 37. Bd4 Bxd4+ 38. Rxd4 Ng3 39. hxg3 fxg3 40. Re6 Qg7
41. d6 Kh8 42. Re7 Qg8 43. d7 Rh5 44. Qxf6+ Rxf6 45. Re8 1-0

[Event "Kavala GRE, 20th Open"]
[Site "Kavala GRE"]
[Date "2011.08.02"]
[Round "5"]
[White "Pambalou, F."]
[Black "Galopoulos, N."]
[Result "0-1"]
[WhiteElo "2078"]
[BlackElo "2327"]
[PlyCount "72"]
[EventDate "2011.07.30"]
[EventRounds "9"]
[EventCountry "GRE"]

1. e4 d5 2. exd5 Qxd5 3. Nc3 Qa5 4. d4 Nf6 5. Bd2 Qb6 6. Nf3 Bg4 7. Be2 e6 8.
O-O Nbd7 9. Re1 Be7 10. Na4 Qd6 11. a3 Bxf3 12. Bxf3 Qxd4 13. c3 Qc4 14. Bxb7
Rb8 15. Bf3 Rb3 16. Qc2 Qxa4 17. Bd1 Nc5 18. Be3 Qb5 19. Bxc5 Rxb2 20. Qa4 Bxc5
21. Qxb5+ Rxb5 22. Ba4 c6 23. Bxb5 cxb5 24. Rab1 Kd7 25. Rxb5 Kc6 26. Rb3 Rd8
27. Kf1 Ng4 28. Ke2 Nxf2 29. Rf1 Nd3 30. a4 Ne5 31. c4 Rd4 32. Rh3 h6 33. Rg3
g6 34. Rc3 f5 35. g3 Re4+ 36. Kd1 Nxc4 0-1

[Event "Kavala GRE, 20th Open"]
[Site "Kavala GRE"]
[Date "2011.08.02"]
[Round "5"]
[White "Pavlidis, A."]
[Black "Exizoglou, D."]
[Result "1-0"]
[WhiteElo "2420"]
[BlackElo "2245"]
[PlyCount "51"]
[EventDate "2011.07.30"]
[EventRounds "9"]
[EventCountry "GRE"]

1. e4 c5 2. Nf3 d6 3. d4 cxd4 4. Nxd4 Nf6 5. Nc3 Nc6 6. Bg5 e6 7. Qd2 Be7 8.
O-O-O O-O 9. f4 Nxd4 10. Qxd4 Qa5 11. Bc4 Rd8 12. e5 dxe5 13. Qxe5 Qb4 14. Bb3
Bd7 15. Rd4 Qb6 16. f5 h6 17. Be3 Bc5 18. fxe6 fxe6 19. Ne4 Nxe4 20. Rxe4 Bxe3+
21. Rxe3 Re8 22. Rd1 Rad8 23. Rg3 Re7 24. Qf6 Qe3+ 25. Kb1 Qe2 26. Rxg7+ 1-0

[Event "Kavala GRE, 20th Open"]
[Site "Kavala GRE"]
[Date "2011.08.02"]
[Round "5"]
[White "Raznikov, D."]
[Black "Nikolaou, G."]
[Result "1-0"]
[WhiteElo "2434"]
[BlackElo "2248"]
[PlyCount "75"]
[EventDate "2011.07.30"]
[EventRounds "9"]
[EventCountry "GRE"]

1. d4 Nf6 2. c4 g6 3. Nc3 Bg7 4. e4 d6 5. Nf3 O-O 6. h3 e5 7. d5 a5 8. Bg5 Na6
9. Nd2 Qe8 10. Be2 Nd7 11. a3 Rb8 12. Rb1 f6 13. Bh4 Bh6 14. b4 Kh8 15. O-O Qf7
16. Nb5 Ra8 17. c5 dxc5 18. bxa5 f5 19. Nc4 g5 20. Bg3 f4 21. Bh2 Nf6 22. f3
Re8 23. Qc2 Bf8 24. Qc3 Nd7 25. Rfd1 Qf6 26. d6 c6 27. Nc7 Nxc7 28. dxc7 Re6
29. Rxd7 Bxd7 30. Nb6 Rc8 31. Nxd7 Qe7 32. Nxf8 Qxf8 33. Rxb7 Qf6 34. Kf1 Re7
35. Bg1 Rexc7 36. Bxc5 Qe6 37. Rxc7 Rxc7 38. Bc4 1-0

[Event "Kavala GRE, 20th Open"]
[Site "Kavala GRE"]
[Date "2011.08.02"]
[Round "5"]
[White "Sandipan, C."]
[Black "Mamedov, N."]
[Result "1-0"]
[WhiteElo "2656"]
[BlackElo "2575"]
[PlyCount "113"]
[EventDate "2011.07.30"]
[EventRounds "9"]
[EventCountry "GRE"]

1. d4 Nf6 2. c4 g6 3. Nc3 Bg7 4. e4 d6 5. Nge2 a6 6. Ng3 O-O 7. Be2 c5 8. d5 b5
9. cxb5 axb5 10. Nxb5 Na6 11. O-O Nc7 12. Nxc7 Qxc7 13. Bd2 Nd7 14. Qc2 Ba6 15.
Bc3 Rfb8 16. Bxg7 Kxg7 17. Rfb1 Qa5 18. Nf1 Bxe2 19. Qxe2 Qb5 20. Qc2 Ne5 21.
Ne3 Qd3 22. Qxd3 Nxd3 23. b3 Ra3 24. Nc4 Ra7 25. Rd1 Ne5 26. Nxe5 dxe5 27. Rdc1
Ra5 28. f3 f5 29. Kf2 Kf6 30. Ke3 Rb4 31. Rc3 Kg5 32. a3 Rb6 33. Kd3 Rba6 34.
Kc4 Kf6 35. b4 cxb4 36. Kxb4 Ra4+ 37. Kb3 Kg5 38. Rc4 Rxc4 39. Kxc4 fxe4 40.
fxe4 Kf4 41. a4 Ra5 42. Kb4 Ra8 43. Re1 Rb8+ 44. Ka3 Ra8 45. Re2 g5 46. Kb4
Rb8+ 47. Kc5 Ra8 48. Kb5 Rb8+ 49. Kc6 Ra8 50. Kd7 Ra7+ 51. Ke6 h5 52. a5 g4 53.
g3+ Kf3 54. Ra2 Kxe4 55. a6 Kd4 56. Ra4+ Kc5 57. Kxe5 1-0

[Event "Kavala GRE, 20th Open"]
[Site "Kavala GRE"]
[Date "2011.08.02"]
[Round "5"]
[White "Simeonidis, I."]
[Black "Zarkua, D."]
[Result "0-1"]
[WhiteElo "2244"]
[BlackElo "2433"]
[PlyCount "60"]
[EventDate "2011.07.30"]
[EventRounds "9"]
[EventCountry "GRE"]

1. Nf3 g6 2. e4 Bg7 3. d4 d6 4. Be2 Nf6 5. Nc3 O-O 6. O-O c6 7. a4 Bg4 8. Be3
Nbd7 9. h3 Bxf3 10. Bxf3 Nb6 11. Qe2 d5 12. e5 Nfd7 13. a5 Nc4 14. a6 b5 15.
Bc1 e6 16. b3 Ncb6 17. Bf4 Re8 18. Na2 Rc8 19. c3 f6 20. Nc1 fxe5 21. dxe5 c5
22. Re1 c4 23. b4 Nb8 24. Qe3 Nc6 25. Ne2 Nd7 26. Nd4 Ndxe5 27. Bxe5 Nxe5 28.
Nxb5 Nxf3+ 29. gxf3 Qd7 30. Nxa7 d4 0-1

[Event "Kavala GRE, 20th Open"]
[Site "Kavala GRE"]
[Date "2011.08.02"]
[Round "5"]
[White "Stathopoulos, I."]
[Black "Soumya, S."]
[Result "1-0"]
[WhiteElo "2122"]
[BlackElo "2338"]
[PlyCount "97"]
[EventDate "2011.07.30"]
[EventRounds "9"]
[EventCountry "GRE"]

1. d4 Nf6 2. c4 g6 3. Nc3 d5 4. Nf3 Bg7 5. Bf4 O-O 6. e3 c5 7. dxc5 Qa5 8. Rc1
dxc4 9. Bxc4 Qxc5 10. Bb3 Nc6 11. O-O Qa5 12. h3 Bf5 13. Qe2 Ne4 14. g4 Nxc3
15. bxc3 e5 16. Bg3 Bd7 17. Rfd1 Qc7 18. Nd2 Na5 19. Bd5 Ba4 20. Nb3 Rac8 21.
Qf3 Qb6 22. Rb1 Rxc3 23. Qe4 Bxb3 24. axb3 Nc6 25. b4 a6 26. Ba2 Qc7 27. Rd5
Kh8 28. Rbd1 Qe7 29. Rd7 Qxb4 30. Qxb4 Nxb4 31. Rxf7 Nxa2 32. Bxe5 Bxe5 33.
Rxf8+ Kg7 34. Re8 Kf6 35. g5+ Kxg5 36. Rd5 Kh4 37. Kg2 Kh5 38. Rexe5+ Kh6 39.
Rd7 b5 40. h4 Rc8 41. Ree7 Rh8 42. Ra7 Nb4 43. Re4 Nd3 44. Ree7 b4 45. Rxa6 b3
46. Rb6 b2 47. Rd7 Ne5 48. Rd4 Nc6 49. Ra4 1-0

[Event "Kavala GRE, 20th Open"]
[Site "Kavala GRE"]
[Date "2011.08.02"]
[Round "5"]
[White "Svetushkin, D."]
[Black "Solak, D."]
[Result "1/2-1/2"]
[WhiteElo "2576"]
[BlackElo "2598"]
[PlyCount "25"]
[EventDate "2011.07.30"]
[EventRounds "9"]
[EventCountry "GRE"]

1. d4 d5 2. c4 c6 3. cxd5 cxd5 4. Nc3 Nf6 5. Nf3 Nc6 6. Bf4 Bf5 7. e3 e6 8. Bd3
Bxd3 9. Qxd3 Bd6 10. Bxd6 Qxd6 11. O-O O-O 12. Rfc1 Rfc8 13. a3 1/2-1/2

[Event "Kavala GRE, 20th Open"]
[Site "Kavala GRE"]
[Date "2011.08.02"]
[Round "5"]
[White "Zubarev, A."]
[Black "Socko, B."]
[Result "1/2-1/2"]
[WhiteElo "2597"]
[BlackElo "2631"]
[PlyCount "35"]
[EventDate "2011.07.30"]
[EventRounds "9"]
[EventCountry "GRE"]

1. e4 e6 2. d4 d5 3. Nd2 c5 4. Ngf3 Nf6 5. exd5 exd5 6. Bb5+ Bd7 7. Bxd7+ Nbxd7
8. O-O Be7 9. dxc5 Nxc5 10. Re1 O-O 11. Nf1 Re8 12. Be3 Ne6 13. c3 Qc7 14. Qb3
b6 15. Rad1 Rad8 16. h3 Bc5 17. Qb5 Re7 18. Qa4 1/2-1/2

[Event "Kavala GRE, 20th Open"]
[Site "Kavala GRE"]
[Date "2011.08.03"]
[Round "6"]
[White "Atalik, E."]
[Black "Aftsoglou, I."]
[Result "1-0"]
[WhiteElo "2436"]
[BlackElo "2186"]
[PlyCount "31"]
[EventDate "2011.07.30"]
[EventRounds "9"]
[EventCountry "GRE"]

1. d4 Nf6 2. c4 d6 3. Nc3 Nbd7 4. Nf3 c6 5. Qc2 e5 6. Bg5 Be7 7. e3 h6 8. Bh4
O-O 9. O-O-O Qe8 10. Rg1 exd4 11. Nxd4 Nb6 12. Nf5 Bxf5 13. Qxf5 Qc8 14. g4 d5
15. c5 g5 16. cxb6 1-0

[Event "Kavala GRE, 20th Open"]
[Site "Kavala GRE"]
[Date "2011.08.03"]
[Round "6"]
[White "Atalik, S."]
[Black "Shanmugam, R."]
[Result "1-0"]
[WhiteElo "2619"]
[BlackElo "2291"]
[PlyCount "35"]
[EventDate "2011.07.30"]
[EventRounds "9"]
[EventCountry "GRE"]

1. d4 d5 2. c4 c6 3. Nf3 e6 4. g3 dxc4 5. Bg2 b5 6. O-O Bb7 7. Nc3 Nf6 8. Bg5
Be7 9. a4 Qb6 10. e4 h6 11. Be3 Ng4 12. Ne5 Nxe3 13. fxe3 O-O 14. Qh5 Bf6 15.
Rxf6 gxf6 16. Rf1 fxe5 17. Rf6 Nd7 18. Rxh6 1-0

[Event "Kavala GRE, 20th Open"]
[Site "Kavala GRE"]
[Date "2011.08.03"]
[Round "6"]
[White "Burmakin, V."]
[Black "Zubarev, A."]
[Result "1/2-1/2"]
[WhiteElo "2579"]
[BlackElo "2597"]
[PlyCount "37"]
[EventDate "2011.07.30"]
[EventRounds "9"]
[EventCountry "GRE"]

1. d4 g6 2. Nf3 Bg7 3. c3 d6 4. Bf4 Nd7 5. e3 e5 6. dxe5 dxe5 7. Bg3 Ne7 8. e4
O-O 9. Bc4 b6 10. O-O Bb7 11. Qe2 a6 12. a4 Nc8 13. Nbd2 Nd6 14. Ba2 Qe7 15.
Rfe1 Kh8 16. Bd5 c6 17. Ba2 b5 18. axb5 axb5 19. Bb3 1/2-1/2

[Event "Kavala GRE, 20th Open"]
[Site "Kavala GRE"]
[Date "2011.08.03"]
[Round "6"]
[White "Galopoulos, N."]
[Black "Kohlweyer, B."]
[Result "1-0"]
[WhiteElo "2327"]
[BlackElo "2494"]
[PlyCount "115"]
[EventDate "2011.07.30"]
[EventRounds "9"]
[EventCountry "GRE"]

1. d4 Nf6 2. c4 e6 3. g3 Bb4+ 4. Nd2 O-O 5. Ngf3 d5 6. Bg2 a5 7. Qc2 a4 8. O-O
a3 9. Rd1 Nc6 10. bxa3 Bxa3 11. Bxa3 Rxa3 12. Ne5 Qd6 13. Ndf3 Ne7 14. Rd3 Qa6
15. Rxa3 Qxa3 16. cxd5 Nexd5 17. Rc1 Ne8 18. Nc4 Qa7 19. e4 Ne7 20. Ne3 h6 21.
d5 exd5 22. exd5 Qb6 23. Qe4 Qf6 24. Qd4 Qxd4 25. Nxd4 Bd7 26. Nc4 g5 27. Ne5
Bc8 28. Nb5 f6 29. Nd3 c6 30. dxc6 bxc6 31. Nd4 Ng7 32. Nb4 Bd7 33. Nbxc6 Nxc6
34. Bxc6 Bxc6 35. Rxc6 Rd8 36. Nb3 Kf7 37. a4 Ne6 38. a5 Rd3 39. Rb6 Nd4 40.
Nxd4 Rxd4 41. a6 Ra4 42. Rb7+ Kg6 43. a7 Kf5 44. Kf1 Ra2 45. h3 h5 46. Rf7 Ke6
47. Rh7 Kf5 48. Kg2 Ra3 49. Re7 Ra1 50. Kf3 Ra3+ 51. Ke2 Ra2+ 52. Ke3 Ra1 53.
Kd4 h4 54. Kc5 g4 55. hxg4+ Kxg4 56. gxh4 Kxh4 57. Rg7 f5 58. Kb6 1-0

[Event "Kavala GRE, 20th Open"]
[Site "Kavala GRE"]
[Date "2011.08.03"]
[Round "6"]
[White "Gupta, A."]
[Black "Svetushkin, D."]
[Result "1/2-1/2"]
[WhiteElo "2627"]
[BlackElo "2576"]
[PlyCount "84"]
[EventDate "2011.07.30"]
[EventRounds "9"]
[EventCountry "GRE"]

1. d4 Nf6 2. c4 e6 3. Nf3 d5 4. g3 Be7 5. Bg2 O-O 6. O-O dxc4 7. Qc2 b5 8. a4
b4 9. Bg5 Ba6 10. Rd1 Nc6 11. Nbd2 c3 12. Bxf6 Bxf6 13. Nb3 Rb8 14. Rab1 Bc4
15. bxc3 bxc3 16. e3 Qd6 17. Qxc3 Bxb3 18. Rxb3 e5 19. Nd2 Rxb3 20. Nxb3 Ne7
21. Qc5 Qb6 22. Qxb6 axb6 23. dxe5 Bxe5 24. Rd7 Bd6 25. Nd4 Ng6 26. f4 Ne7 27.
Kf1 g6 28. e4 Bc5 29. Nb3 Bb4 30. e5 c6 31. Nd4 Rc8 32. Ke2 Kf8 33. Kd3 Bc5 34.
Nb3 Bg1 35. Nd2 Bxh2 36. Ne4 h5 37. Bh3 Ra8 38. e6 f5 39. Ng5 Bxg3 40. Nh7+ Ke8
41. Nf6+ Kf8 42. Nh7+ Ke8 1/2-1/2

[Event "Kavala GRE, 20th Open"]
[Site "Kavala GRE"]
[Date "2011.08.03"]
[Round "6"]
[White "Kanmazalp, O."]
[Black "Papadimitriou, A."]
[Result "1-0"]
[WhiteElo "2412"]
[BlackElo "2184"]
[PlyCount "63"]
[EventDate "2011.07.30"]
[EventRounds "9"]
[EventCountry "GRE"]

1. e4 d5 2. exd5 Nf6 3. Nf3 Nxd5 4. d4 g6 5. c4 Nb6 6. Nc3 Bg7 7. a4 a5 8. c5
Nd5 9. Bc4 Nb4 10. O-O O-O 11. Bg5 Bg4 12. h3 Bxf3 13. Qxf3 Qxd4 14. Bxf7+ Kh8
15. Bxe7 N8c6 16. Rad1 Ne5 17. Qe2 Ned3 18. Bxf8 Rxf8 19. Bb3 Qe5 20. Qxe5 Bxe5
21. Rd2 Nxc5 22. Bc4 Rf4 23. Be2 Nc6 24. Bb5 Nd4 25. Re1 Ncb3 26. Rdd1 Rf5 27.
Bd3 Rh5 28. Bb1 Nc6 29. Ba2 Nbd4 30. Re4 Rg5 31. f4 Nf3+ 32. Kf2 1-0

[Event "Kavala GRE, 20th Open"]
[Site "Kavala GRE"]
[Date "2011.08.03"]
[Round "6"]
[White "Ketzetzis, G."]
[Black "Charkhalashvili, I."]
[Result "1/2-1/2"]
[WhiteElo "2164"]
[BlackElo "2355"]
[PlyCount "86"]
[EventDate "2011.07.30"]
[EventRounds "9"]
[EventCountry "GRE"]

1. e4 c6 2. d4 d5 3. f3 e6 4. Nc3 Nf6 5. Bg5 Be7 6. Qd2 h6 7. Be3 Bb4 8. e5
Nfd7 9. a3 Be7 10. f4 g6 11. Nf3 b6 12. h4 h5 13. Ng5 Ba6 14. Bd3 Bxd3 15. Qxd3
Nf8 16. Ne2 Qc8 17. O-O Qa6 18. Qd2 Nbd7 19. Rfc1 b5 20. b3 Nb6 21. Qd3 Qb7 22.
Nc3 a5 23. a4 b4 24. Nd1 Qa6 25. Qxa6 Rxa6 26. c3 bxc3 27. Rxc3 Nc8 28. Rac1
Na7 29. Nf2 Nd7 30. Nd3 O-O 31. Kf2 Kg7 32. Ke2 Rb6 33. Bd2 Rfb8 34. Rb1 Bf8
35. g4 hxg4 36. Kf2 Nc8 37. Kg3 Ne7 38. Kxg4 Nf5 39. Nf3 Be7 40. Be1 Ra6 41.
Bf2 Rab6 42. Be1 R8b7 43. Bd2 Rb8 1/2-1/2

[Event "Kavala GRE, 20th Open"]
[Site "Kavala GRE"]
[Date "2011.08.03"]
[Round "6"]
[White "Kolev, A."]
[Black "Maiorov, N."]
[Result "1/2-1/2"]
[WhiteElo "2590"]
[BlackElo "2535"]
[PlyCount "56"]
[EventDate "2011.07.30"]
[EventRounds "9"]
[EventCountry "GRE"]

1. e4 e5 2. Nf3 Nc6 3. d4 exd4 4. Nxd4 Bc5 5. Be3 Qf6 6. c3 Nge7 7. Bc4 Ne5 8.
Be2 Qg6 9. O-O d6 10. f3 O-O 11. Kh1 Bb6 12. a4 N5c6 13. Nd2 d5 14. Bg1 Bd7 15.
Qc2 Rad8 16. N2b3 a5 17. Nb5 dxe4 18. Bxb6 cxb6 19. Qxe4 Nf5 20. Qf4 Be6 21.
Nd2 Qh6 22. Qxh6 gxh6 23. Ne4 Ne3 24. Rfb1 f5 25. Ned6 Bb3 26. Re1 Be6 27. Reb1
Bb3 28. Ra3 Be6 1/2-1/2

[Event "Kavala GRE, 20th Open"]
[Site "Kavala GRE"]
[Date "2011.08.03"]
[Round "6"]
[White "Kosic, D."]
[Black "Cherednichenko, S."]
[Result "1-0"]
[WhiteElo "2483"]
[BlackElo "2283"]
[PlyCount "81"]
[EventDate "2011.07.30"]
[EventRounds "9"]
[EventCountry "GRE"]

1. d4 f5 2. Nf3 Nf6 3. g3 e6 4. Bg2 Be7 5. b3 O-O 6. Bb2 d6 7. c4 Qe8 8. Nbd2
Qh5 9. Qc2 Nbd7 10. h3 c6 11. g4 Qg6 12. gxf5 Qxf5 13. Qxf5 exf5 14. Ng5 Nb6
15. h4 Bd7 16. Nh3 g6 17. Nf4 Ng4 18. e3 Rae8 19. Nf3 Bf6 20. Rd1 Re7 21. Rd2
Nc8 22. Ng5 h6 23. Nxg6 hxg5 24. hxg5 Bxg5 25. d5 Bf6 26. dxc6 bxc6 27. Nxe7+
Bxe7 28. Ke2 Nf6 29. Rd4 Kf7 30. Rf4 Ke8 31. Rh6 d5 32. f3 dxc4 33. Rxc4 Nd5
34. f4 Nd6 35. Rd4 Nb5 36. Rc4 Nd6 37. Bxd5 cxd5 38. Rc7 Nb5 39. Rb7 Rg8 40.
Rb8+ Bd8 41. Bf6 1-0

[Event "Kavala GRE, 20th Open"]
[Site "Kavala GRE"]
[Date "2011.08.03"]
[Round "6"]
[White "Mamedov, N."]
[Black "Hadzimanolis, A."]
[Result "1/2-1/2"]
[WhiteElo "2575"]
[BlackElo "2322"]
[PlyCount "61"]
[EventDate "2011.07.30"]
[EventRounds "9"]
[EventCountry "GRE"]

1. e4 e5 2. Nf3 d6 3. d4 Nf6 4. Nc3 Nbd7 5. Bc4 Be7 6. O-O O-O 7. Re1 c6 8. a4
a5 9. b3 exd4 10. Nxd4 Nb6 11. Bf1 d5 12. e5 Bb4 13. exf6 Bxc3 14. fxg7 Kxg7
15. Ba3 Qf6 16. Re3 Bxd4 17. Be7 Bxa1 18. Rg3+ Kh8 19. Bxf6+ Bxf6 20. Bd3 Re8
21. Bxh7 Bg4 22. Rxg4 Bc3 23. Be4 Rxe4 24. Rxe4 dxe4 25. Qh5+ Kg8 26. Qg5+ Kf8
27. Qh5 Nd5 28. Qh6+ Kg8 29. Qg5+ Kf8 30. Qh6+ Kg8 31. Qg5+ 1/2-1/2

[Event "Kavala GRE, 20th Open"]
[Site "Kavala GRE"]
[Date "2011.08.03"]
[Round "6"]
[White "Margvelashvili, G."]
[Black "Pavlidis, A."]
[Result "1/2-1/2"]
[WhiteElo "2525"]
[BlackElo "2420"]
[PlyCount "39"]
[EventDate "2011.07.30"]
[EventRounds "9"]
[EventCountry "GRE"]

1. g3 Nf6 2. Bg2 d5 3. d3 c6 4. Nd2 e5 5. e4 Bd6 6. Ngf3 O-O 7. O-O Bg4 8. h3
Bxf3 9. Qxf3 Nbd7 10. Qe2 Nc5 11. Rd1 Qc7 12. Nf1 dxe4 13. dxe4 Rfd8 14. a4 a5
15. Nd2 Be7 16. Re1 Ne6 17. Nb3 Nd7 18. h4 Ndc5 19. Nxc5 Bxc5 20. c3 1/2-1/2

[Event "Kavala GRE, 20th Open"]
[Site "Kavala GRE"]
[Date "2011.08.03"]
[Round "6"]
[White "Marjanovic, S."]
[Black "Filippas, S."]
[Result "1/2-1/2"]
[WhiteElo "2469"]
[BlackElo "2246"]
[PlyCount "39"]
[EventDate "2011.07.30"]
[EventRounds "9"]
[EventCountry "GRE"]

1. Nf3 Nf6 2. c4 g6 3. Nc3 Bg7 4. g3 O-O 5. Bg2 d6 6. O-O e5 7. d4 Nbd7 8. Qc2
Re8 9. Rd1 a6 10. b3 Rb8 11. dxe5 dxe5 12. c5 Qe7 13. b4 h6 14. Rb1 Nf8 15. h3
e4 16. Nd4 N8h7 17. Kh2 Ng5 18. Bf4 Ne6 19. Nxe6 Bxe6 20. Rbc1 1/2-1/2

[Event "Kavala GRE, 20th Open"]
[Site "Kavala GRE"]
[Date "2011.08.03"]
[Round "6"]
[White "Mastrovasilis, A."]
[Black "Liodakis, K."]
[Result "1-0"]
[WhiteElo "2537"]
[BlackElo "2048"]
[PlyCount "45"]
[EventDate "2011.07.30"]
[EventRounds "9"]
[EventCountry "GRE"]

1. c4 Nf6 2. g3 e6 3. Nf3 d5 4. b3 Be7 5. Bb2 O-O 6. Bg2 c5 7. O-O Nc6 8. e3
Qc7 9. Nc3 b6 10. d4 Ba6 11. Ne5 Nxe5 12. dxe5 Nd7 13. cxd5 Nxe5 14. dxe6 fxe6
15. Bxa8 Rxa8 16. Nd5 exd5 17. Qxd5+ Nf7 18. Qxa8+ Bf8 19. Rad1 Bb7 20. Qe8 Ng5
21. f3 Nxf3+ 22. Rxf3 Bxf3 23. Rd7 1-0

[Event "Kavala GRE, 20th Open"]
[Site "Kavala GRE"]
[Date "2011.08.03"]
[Round "6"]
[White "Mastrovasilis, D."]
[Black "Gopal, G."]
[Result "1/2-1/2"]
[WhiteElo "2604"]
[BlackElo "2576"]
[PlyCount "66"]
[EventDate "2011.07.30"]
[EventRounds "9"]
[EventCountry "GRE"]

1. e4 c5 2. Nf3 d6 3. d4 cxd4 4. Nxd4 Nf6 5. Nc3 a6 6. h3 e6 7. g4 Be7 8. Bg2
Nfd7 9. g5 Nc6 10. h4 O-O 11. f4 Nxd4 12. Qxd4 b5 13. Be3 Bb7 14. h5 e5 15. Qd2
exf4 16. Bxf4 Ne5 17. b3 Rc8 18. Nd5 Bxd5 19. exd5 b4 20. O-O-O a5 21. Kb1 a4
22. Rh3 axb3 23. cxb3 Qd7 24. Re3 Qf5+ 25. Re4 Rc3 26. Rf1 Nf3 27. Qe2 Nd4 28.
Bd2 Qxd5 29. Rxd4 Rxb3+ 30. axb3 Qxb3+ 31. Ka1 Qa3+ 32. Kb1 Qb3+ 33. Ka1 Qa3+
1/2-1/2

[Event "Kavala GRE, 20th Open"]
[Site "Kavala GRE"]
[Date "2011.08.03"]
[Round "6"]
[White "Nikolov, Momchil"]
[Black "Bartel, M."]
[Result "0-1"]
[WhiteElo "2589"]
[BlackElo "2611"]
[PlyCount "80"]
[EventDate "2011.07.30"]
[EventRounds "9"]
[EventCountry "GRE"]

1. d4 Nf6 2. c4 g6 3. f3 d5 4. cxd5 Nxd5 5. e4 Nb6 6. Nc3 Bg7 7. Be3 O-O 8. Qd2
Nc6 9. O-O-O f5 10. e5 a5 11. f4 e6 12. g4 fxg4 13. h3 g3 14. h4 Ne7 15. h5 Nf5
16. hxg6 hxg6 17. Bd3 Nd5 18. Bxf5 exf5 19. Nh3 Nxc3 20. bxc3 Qd5 21. Rhg1 Kf7
22. Qc2 b5 23. Rxg3 Ra6 24. Ng5+ Ke8 25. Nf3 Rh8 26. Qb3 Bb7 27. Rdg1 Rh6 28.
Kb2 Bf8 29. Rd1 Be7 30. Bg1 a4 31. Qc2 Bc8 32. Ka1 Be6 33. Nd2 Kf7 34. Nf1 Qh1
35. c4 Bxc4 36. d5 Bxd5 37. Ne3 Rc6 38. Qb2 Be6 39. Qxb5 Qe4 40. Qf1 Bb4 0-1

[Event "Kavala GRE, 20th Open"]
[Site "Kavala GRE"]
[Date "2011.08.03"]
[Round "6"]
[White "Raeva, E."]
[Black "Michelakos, P."]
[Result "1-0"]
[WhiteElo "2324"]
[BlackElo "2111"]
[PlyCount "79"]
[EventDate "2011.07.30"]
[EventRounds "9"]
[EventCountry "GRE"]

1. c4 Nf6 2. Nf3 g6 3. g3 Bg7 4. Bg2 O-O 5. O-O d6 6. Nc3 Nc6 7. d3 h6 8. Rb1
e5 9. Ne1 Be6 10. Nd5 Nh5 11. b4 a6 12. a4 Rb8 13. Nc2 f5 14. e3 Nf6 15. b5
axb5 16. Rxb5 Bd7 17. Bd2 Ne7 18. Nxe7+ Qxe7 19. a5 Bxb5 20. cxb5 Qd7 21. Qb1
d5 22. Qb3 Kh7 23. Rb1 g5 24. Bc3 Rfe8 25. Ne1 f4 26. exf4 gxf4 27. Nf3 Qf5 28.
Nh4 Qg5 29. Re1 fxg3 30. hxg3 d4 31. Bb4 c6 32. Qf7 cxb5 33. Bxb7 Rf8 34. Bxf8
Rxf8 35. Qe6 Qd2 36. Rxe5 Qxa5 37. Qf5+ Kg8 38. Re7 Rf7 39. Qe6 Qa1+ 40. Kg2
1-0

[Event "Kavala GRE, 20th Open"]
[Site "Kavala GRE"]
[Date "2011.08.03"]
[Round "6"]
[White "Skoulakis, C."]
[Black "Kaplan, S."]
[Result "0-1"]
[WhiteElo "2039"]
[BlackElo "2436"]
[PlyCount "120"]
[EventDate "2011.07.30"]
[EventRounds "9"]
[EventCountry "GRE"]

1. e4 c5 2. Nf3 e6 3. c4 b6 4. Nc3 d6 5. Be2 Bb7 6. d4 cxd4 7. Nxd4 Nf6 8. f3
Be7 9. O-O O-O 10. Be3 Nbd7 11. Qd2 a6 12. Rac1 Qc7 13. Rfd1 Rac8 14. Bf1 Rfe8
15. Qf2 Qb8 16. b4 Bd8 17. Nb3 Bc7 18. g3 Kh8 19. Na4 Bc6 20. Nc3 Qa8 21. Bf4
Ne5 22. b5 Bb7 23. bxa6 Bxa6 24. Nb5 Bxb5 25. cxb5 Nfd7 26. Nd4 Nc5 27. Bxe5
dxe5 28. Nc6 Qa3 29. Rc4 Ra8 30. Rd2 h6 31. Qe2 Kh7 32. Rdc2 Rad8 33. Nxd8 Rxd8
34. R4c3 Qb4 35. Kg2 Rd7 36. Rc4 Qa5 37. Kh3 Bd8 38. R2c3 Bg5 39. Rc2 Qa8 40.
a4 Qa5 41. Qf2 Rd1 42. Be2 Ra1 43. Rxc5 bxc5 44. Qxc5 Qxa4 45. Rc4 Qa2 46. Rc2
Qb1 47. Qc3 Be3 48. Rb2 Qg1 49. b6 Bd4 50. Qb3 Qf2 51. Rb1 Rxb1 52. Qxb1 Qxe2
53. b7 Ba7 54. b8=Q Bxb8 55. Qxb8 f6 56. Qe8 Qxf3 57. Qxe6 Qxe4 58. Qf7 Qf3 59.
Qd7 e4 60. Qd5 Kg6 0-1

[Event "Kavala GRE, 20th Open"]
[Site "Kavala GRE"]
[Date "2011.08.03"]
[Round "6"]
[White "Socko, B."]
[Black "Raznikov, D."]
[Result "1-0"]
[WhiteElo "2631"]
[BlackElo "2434"]
[PlyCount "101"]
[EventDate "2011.07.30"]
[EventRounds "9"]
[EventCountry "GRE"]

1. e4 c5 2. Nf3 d6 3. d4 cxd4 4. Qxd4 Nc6 5. Bb5 Bd7 6. Qd3 Nf6 7. Nc3 g6 8.
Bg5 Bg7 9. O-O-O O-O 10. e5 Ne8 11. exd6 Nxd6 12. Bxe7 Qxe7 13. Qxd6 Qxd6 14.
Rxd6 Be8 15. Nd5 Ne5 16. Bxe8 Nxf3 17. Nf6+ Bxf6 18. Rxf6 Rfxe8 19. Rxf3 Re2
20. Rd1 Rc8 21. c3 Rc7 22. Rd2 Re1+ 23. Kc2 h5 24. h4 Ra1 25. a3 Rg1 26. g3 Kf8
27. Re3 Rf1 28. Ree2 Rg1 29. Rd1 Rxd1 30. Kxd1 f6 31. f4 Kf7 32. Kc2 Rd7 33. c4
Rd4 34. Kc3 Rd1 35. b4 Rg1 36. Re3 g5 37. fxg5 fxg5 38. hxg5 Kg6 39. c5 Kxg5
40. b5 Kf6 41. Kb2 Rd1 42. Kc3 Rc1+ 43. Kb4 Rb1+ 44. Kc4 Rc1+ 45. Kb4 Rb1+ 46.
Rb3 Rd1 47. Rc3 Rd7 48. c6 bxc6 49. bxc6 Rc7 50. Kc5 Ke7 51. Rb3 1-0